UM Logo
Normal view MARC view
  • Kirsch, Gesa E.

Entry Personal Name

Number of records used in: 1

001 - CONTROL NUMBER

  • control field: 64758

003 - CONTROL NUMBER IDENTIFIER

  • control field: OSt

005 - DATE AND TIME OF LATEST TRANSACTION

  • control field: 20250124180056.0

008 - FIXED-LENGTH DATA ELEMENTS

  • fixed length control field: 250124|| aca||aabn | a|a d

040 ## - CATALOGING SOURCE

  • Original cataloging agency: OSt

100 ## - HEADING--PERSONAL NAME

  • Personal name: Kirsch, Gesa E.
  • Relator term: author.